000
00277 a2200145 4500
001
172404
020
_a
040
_c
Magnum
100
_a
-
240
1
0
_a
Joao sem medo
_l
por
245
1
0
_a
Joao sem medo
362
0
_a
1899
697
_a
I/AVENTURA, CRIANCAS
942
_c
BK
999
_c
172404
_d
172404